Statistiken für Hauptstädte in der Nähe von Ottawa

Klicken Sie hier um das Quiz zu spielen!

Allgemein

  • Dieses Quiz wurde 77 mal gespielt
  • Das Durchschnittsergebnis liegt bei 11 aus 20

Antwortstatistiken

kmHauptstadt% Korrekt
735Washington
100%
3607Mexiko-Stadt
95%
2556Havanna
90%
2274Nassau
87%
3053Kingston
84%
3003Port-au-Prince
71%
3699Guatemala-Stadt
68%
3363Belmopan
62%
3048Santo Domingo
62%
3840Managua
60%
3755San Salvador
60%
3656Tegucigalpa
60%
3611Roseau
44%
3403Saint John's
40%
3761Castries
38%
3355Basseterre
37%
2562Nuuk
27%
3763Willemstad
6%
3703Oranjestad
5%
3267Philipsburg
3%

Verteilung der Resultate

Perzentil nach korrekt beantworteten Fragen

Anzahl Personen mit jedem Resultat

Ihre Resultats-Entwicklung

Sie haben dieses Quiz noch nicht gespielt